| 000 | 00826cam a22002771 4500 | ||
|---|---|---|---|
| 001 | 14265 | ||
| 003 | BD-RjUL | ||
| 005 | 20211208235611.0 | ||
| 008 | 750709s1956 xx 000 0 eng | ||
| 035 | _a(BD-RjUL)14317 | ||
| 035 | _aBD-RjUL | ||
| 040 |
_aDLC _cFO _dUk _dBD-RjUL _beng |
||
| 041 | _aeng | ||
| 082 |
_a621.343 _a621.38 _bMAH 1956 |
||
| 100 | 1 |
_aMarkus, John, _d1911- _942831 |
|
| 245 | 1 | 0 |
_aHandbook of industrial electronic control circuits / _cby John Markus and Vin Zeluff. |
| 250 | _a1st ed. | ||
| 260 |
_aNew York, _bMcGraw-Hill, _c1956. |
||
| 300 |
_a xiv ,352 p. : _billus. ; _c29 cm. |
||
| 650 | 0 |
_aElectronic circuits. _938587 |
|
| 650 | 0 |
_aElectronic control. _942121 |
|
| 700 | 1 |
_aZeluff, Vin, _d1910- _ejoint author. _942832 |
|
| 942 |
_2ddc _cBK |
||
| 999 |
_c14265 _d14265 |
||